| 000 | 004710000a22001930004500 | ||
|---|---|---|---|
| 001 | 002480 | ||
| 003 | MACL | ||
| 005 | 20150911174735.0 | ||
| 008 | 150911b xxu||||| |||| 00| 0 eng d | ||
| 040 |
_aMACL _cMACL |
||
| 041 | _aEnglish | ||
| 082 | _a823/BHA | ||
| 100 |
_aBhatt, Somdev _910302 |
||
| 245 |
_aKatha Saritsagar _b1 ed. _cSomdev Bhatt |
||
| 260 |
_aNoida _c2008 _bNoida book Publishing, |
||
| 350 | _a200 | ||
| 650 |
_aFiction _910303 |
||
| 942 |
_k823 _cBK _2ddc |
||
| 999 |
_c14391 _d14391 |
||